| 000 | 01148nam a2200301Ia 4500 | ||
|---|---|---|---|
| 001 | ebr10631321 | ||
| 003 | CaPaEBR | ||
| 006 | m u | ||
| 007 | cr cn||||||||| | ||
| 008 | 121218s2013 enk sb 001 0 eng d | ||
| 010 | _z 2012039768 | ||
| 020 | _z9780857083883 (ebook) | ||
| 020 | _z9780857083913 | ||
| 040 |
_aCaPaEBR _cCaPaEBR |
||
| 035 | _a(OCoLC)827955377 | ||
| 050 | 1 | 4 |
_aHD57.7 _b.A76 2013eb |
| 100 | 1 | _aArnander, Fredrik. | |
| 245 | 1 | 0 |
_aWe are all leaders _h[electronic resource] : _bleadership is not a position - it's a mindset / _cFredrik Arnander. |
| 260 |
_aChichester, West Sussex : _bCapstone, _c2013. |
||
| 300 | _axii, 256 p. | ||
| 504 | _aIncludes bibliographical references and index. | ||
| 533 |
_aElectronic reproduction. _bPalo Alto, Calif. : _cebrary, _d2013. _nAvailable via World Wide Web. _nAccess may be limited to ebrary affiliated libraries. |
||
| 650 | 0 | _aLeadership. | |
| 650 | 0 | _aAbility. | |
| 655 | 7 |
_aElectronic books. _2local |
|
| 710 | 2 | _aebrary, Inc. | |
| 856 | 4 | 0 |
_uhttp://site.ebrary.com/lib/rucke/Doc?id=10631321 _zAn electronic book accessible through the World Wide Web; click to view |
| 999 |
_c70404 _d70404 |
||